|
|
|
|
| LEADER |
00000cam a2200000 7i4500 |
| 001 |
0000004639 |
| 002 |
000005003 |
| 005 |
20000330.0 |
| 020 |
|
|
|a 9971772507
|
| 090 |
0 |
0 |
|a 297.23
|b MAB
|
| 100 |
0 |
|
|a M.Abdai Rathomy
|
| 245 |
1 |
0 |
|a Hakikat mati dan hari kiamat
|c M.Abdai Rathomy
|
| 260 |
|
|
|a Singapura :
|b Pustaka Nasional ,
|c 1988
|
| 300 |
|
|
|a 222 p. ;
|c 21 cm.
|
| 650 |
0 |
0 |
|a Death
|x Religious aspects
|x Islam
|
| 650 |
0 |
0 |
|a Eschatology, Islamic
|
| 999 |
|
|
|a 034758
|b BUKU
|c PINJAMAN
|e PERPUSTAKAAN KOMUNITI PETALING JAYA
|
| 999 |
|
|
|a 034760
|b BUKU
|c PINJAMAN
|e PERPUSTAKAAN KOMUNITI PETALING JAYA
|